000 00512 a2200145 4500
040 _a0
082 _aPGDIT
100 _aShafia Hamdani.
_9106092
245 _aNIIT electronic document system (EDocs)
_cShafia Hamdani.
260 _aIslamabad :
_bNUST School of Electrical Engineering & Computer Science,
_c2003.
300 _aviii, 320 p. :
_bill. ;
_c27 cm.
500 _aSupervisor : Dr. Muhammad Abaidullah Anwar.
856 _uhttp://10.250.8.41:8080/xmlui/handle/123456789/31883
942 _cPR
_kPGDIT SHA
_2ddc
999 _c9249
_d9249